A World of Art: The Metropolitan Museum of Art (Record no. 333104)
[ view plain ]
| 000 -LEADER | |
|---|---|
| fixed length control field | 00532nam a2200097Ia 4500 |
| 008 - FIXED-LENGTH DATA ELEMENTS--GENERAL INFORMATION | |
| fixed length control field | 170517s9999 xx 000 0 und d |
| 245 #2 - TITLE STATEMENT | |
| Title | A World of Art: The Metropolitan Museum of Art |
| 300 ## - PHYSICAL DESCRIPTION | |
| Extent | What makes a masterpiece? In this visually stunning high definition production, A World of Art, the magnificence of America's premier art museum lights up the screen. One of the architectural glories of New York, the Met stretches 1000 feet... |
| 650 ## - SUBJECT ADDED ENTRY--TOPICAL TERM | |
| General subdivision | Art. |
| 856 ## - ELECTRONIC LOCATION AND ACCESS | |
| Uniform Resource Identifier | <a href="http://topdocumentaryfilms.com/world-art-metropolitan-museum/">http://topdocumentaryfilms.com/world-art-metropolitan-museum/</a> |
| Withdrawn status | Lost status | Damaged status | Home library | Current library | Date acquired | Total Checkouts | Date last seen | Price effective from | Koha item type |
|---|---|---|---|---|---|---|---|---|---|
| College Library | College Library | 05/17/2017 | 05/17/2017 | 05/17/2017 | Documentary Films |